| 000 | 00980nas a2200301 4500 | ||
|---|---|---|---|
| 001 | BR2013010869 | ||
| 003 | BR-BrBNA | ||
| 005 | 20231205123542.0 | ||
| 007 | ta | ||
| 008 | 230509b bl.|||p| |||| 00| 00por d | ||
| 040 |
_aBR-BrBNA _bpor _cBiblioteca Nacional de Agricultura |
||
| 041 | _a(Pt) | ||
| 072 | _aT01 | ||
| 100 | 1 | _aBarros, Y.J. | |
| 100 | 1 | _aMelo, V. de F. | |
| 100 | 1 | _aZanello, S. | |
| 100 | 1 | _aRomanó, E.N de L. | |
| 100 | 1 | _aLuciano, P.R. | |
| 245 | 1 | _aTeores de metais pesados e caracterização mineralógica de solos do cemitério municipal de Santa Cândida, Curitiba (PR) | |
| 650 | _aPOLUIÇÃO | ||
| 650 | _aSOLO | ||
| 650 | _aCONTAMINAÇÃO | ||
| 650 | _aMETAL PESADO | ||
| 773 | 0 |
_tRevista Brasileira de Ciência do Solo (Brazil) _xISSN 0100-0683 _g(Jul-Aug 2008), v. 32(4) p. 1763-1773 _wBR2013010869 |
|
| 856 | 4 | 0 | _uhttp://www.scielo.br/pdf/rbcs/v32n4/a41v32n4.pdf |
| 909 |
_a202311 _bLúcia _c55 _dLúcia Elande |
||
| 942 |
_2AGRIS _n0 _cANA |
||
| 999 |
_c234482 _d234482 |
||